000
00195 a2200097 4500
001
13096
100
_a
Oxford,I.
245
_a
XING ODF THE WHOELD OD
260
_a
_b
OPX
_c
090
_c
10099
_d
10099
942
_a
NUST-CAE
_c
M
_c
113
999
_c
248169
_d
248169